First 10 Picks in the 2019 NFL draft quiz - Statistics

General Stats
  • This quiz has been taken 356 times
  • The average score is 6 of 10
Answer Stats
Team & Pick Player % Correct
1. Cardinals Kyler Murray
100%
2. 49ers Nick Bosa
88%
3. Jets Quinnen Williams
66%
7. Jaguars Josh Allen
61%
6. Giants Daniel Jones
59%
5. Buccaneers Devin White
51%
4. Raiders Clelin Ferrell
45%
10.Steelers Devin Bush
43%
9. Bills Ed Oliver
34%
8. Lions T.J. Hockenson
31%
No matching quizzes found
Score Distribution
Percent of People with Each Score
Percentile by Number Answered
Your Score History
You have not taken this quiz